000 04667nam a22006855i 4500
001 978-981-15-7865-6
003 DE-He213
005 20260304124417.0
007 cr nn 008mamaa
008 201102s2021 si | s |||| 0|eng d
020 _a9789811578656
_9978-981-15-7865-6
024 7 _a10.1007/978-981-15-7865-6
_2doi
050 4 _aDS701-799.9
072 7 _aHBJF
_2bicssc
072 7 _a1FPC
_2bicssc
072 7 _aHIS008000
_2bisacsh
072 7 _aNHF
_x1FPC
_2thema
082 0 4 _a951
_223
100 1 _aPerez-Garcia, Manuel.
_eauthor.
_0(orcid)0000-0003-4520-3760
_1https://orcid.org/0000-0003-4520-3760
_4aut
_4http://id.loc.gov/vocabulary/relators/aut
_923749
245 1 0 _aGlobal History with Chinese Characteristics
_h[electronic resource] :
_bAutocratic States along the Silk Road in the Decline of the Spanish and Qing Empires 1680-1796 /
_cby Manuel Perez-Garcia.
250 _a1st ed. 2021.
264 1 _aSingapore :
_bSpringer Nature Singapore :
_bImprint: Palgrave Macmillan,
_c2021.
300 _aXXXV, 244 p. 35 illus., 15 illus. in color.
_bonline resource.
336 _atext
_btxt
_2rdacontent
337 _acomputer
_bc
_2rdamedia
338 _aonline resource
_bcr
_2rdacarrier
341 0 _bTable of contents navigation
_2onix
341 0 _bSingle logical reading order
_2onix
341 0 _bShort alternative textual descriptions
_2onix
341 0 _bUse of color is not sole means of conveying information
_2onix
341 0 _bUse of high contrast between text and background color
_2onix
341 0 _bNext / Previous structural navigation
_2onix
341 0 _bAll non-decorative content supports reading without sight
_2onix
347 _atext file
_bPDF
_2rda
490 1 _aPalgrave Studies in Comparative Global History,
_x2662-7973
505 0 _aIntroduction: The Implementation of the New Global History in China -- The “Global History Paradox” in China: Sinocentred Approaches along the Silk Road -- The Mandate of Heaven, the Rule of the Emperor: Self-sufficiency of the Middle-Kingdom -- Silver, Rogues, and Trade Networks: Sangleyes and Manila Galleons connecting the Spanish Empire and Qing China -- Conclusions.
506 0 _aOpen Access
520 _aThis open access book examines perceptions and dialogues between China and Europe by analysing strategic geopolitical sites which fostered commerce, consumption and socioeconomic networks between China and Europe through a particular case study: Macau, connecting with South China, and Marseille in Mediterranean Europe from 1680 to 1800. How did foreign merchant networks and trans‐national communities of Macau and Marseille operate during the eighteenth century and contribute to somehow transfer respectively European and Chinese socio‐cultural habits and forms in local population? What was the degree and channels of consumption of European goods in China and Chinese goods in Europe? Through these questions the book explores the bilateral Sino‐European trade relations and considers how the trans‐national dimension of exotic commodities changed tastes by creating a new type of global consumerism.
532 8 _aAccessibility summary: This PDF does not fully comply with PDF/UA standards, but does feature limited screen reader support, described non-text content (images, graphs), bookmarks for easy navigation and searchable, selectable text. Users of assistive technologies may experience difficulty navigating or interpreting content in this document. We recognize the importance of accessibility, and we welcome queries about accessibility for any of our products. If you have a question or an access need, please get in touch with us at accessibilitysupport@springernature.com.
532 8 _aNo reading system accessibility options actively disabled
532 8 _aPublisher contact for further accessibility information: accessibilitysupport@springernature.com
650 0 _aChina
_xHistory.
650 0 _aEurope
_xHistory
_x1492-.
_9204
650 0 _aEconomic history.
650 1 4 _aHistory of China.
650 2 4 _aHistory of Early Modern Europe.
_9209
650 2 4 _aEconomic History.
710 2 _aSpringerLink (Online service)
773 0 _tSpringer Nature eBook
776 0 8 _iPrinted edition:
_z9789811578649
776 0 8 _iPrinted edition:
_z9789811578663
776 0 8 _iPrinted edition:
_z9789811578670
830 0 _aPalgrave Studies in Comparative Global History,
_x2662-7973
_914200
856 4 0 _uhttps://doi.org/10.1007/978-981-15-7865-6
912 _aZDB-2-HTY
912 _aZDB-2-SXH
912 _aZDB-2-SOB
999 _c463989
_d463989